| 000 | 01064nam a2200193 a 4500 | ||
|---|---|---|---|
| 001 | 000030905 | ||
| 005 | 20200930062600.0 | ||
| 008 | 110429s20uu dr 000 0 spa d | ||
| 040 |
_aDO-SdBNP _bspa _cBNPHU |
||
| 110 | 2 |
_aReública Dominicana _bComisión Presidencial para la reforma y Modernización del Estado _956789 |
|
| 245 | 1 | 0 |
_aManual del ayuntamiento : _bfinanzas municipales. |
| 260 |
_aSanto Domingo : _bLiga Municipal, _c[200?]. |
||
| 300 |
_a38 p. : ; _c21 cm. |
||
| 490 | 1 |
_aCuadernos municipales _v6 |
|
| 500 | _aIncluye notas al pie de las páginas | ||
| 505 | 0 |
_tAdministración y conservación de los bienes municipales -- _tVenta de bienes de los ayuntamientos -- _tArrendamientos y ventas de terrenos y de solares del municipio -- _tFondo inmobiliarios-- _tAdministración y subasta de establecimientos y servicios públicos -- _tAdquisiciones de grado por vía de expropiación forzosa -- _tCompras de bienes mobiliares-- _tExplotación de las salinas y venta y distribución de la sal |
|
| 830 | 0 |
_aCuadernos municipales _v6 _956790 |
|
| 049 | _aBNPD | ||
| 999 |
_c30397 _d30397 |
||